La biblia de la arquitectura / (Registro nro. 11500)

Detalles MARC
000 -LIDER
fixed length control field 02560nam a22002657a 4500
001 - NÚMERO DE CONTROL
Identificador de número de control 000535
003 - IDENTIFICACDOR DE NÚMERO DE CONTROL
control field DO-SdBNP
005 - DATE AND TIME OF LATEST TRANSACTION
control field 20171110132056.0
007 - CAMPOS FIJOS DE DESCRIPCIÓN FÍSICA
fixed length control field 000535
008 - ELEMENTOS DE LONGITUD FIJA
fixed length control field 161010b 2012 sp a ||||| |||| 00| 0 spa d
020 ## - ISBN
International Standard Book Number 9789962040323
040 ## - FUENTE DE CATALOGACIÓN
Agencia que crea de manera original el registro BPMSU
Idioma de catalogación spa
Agencia que realiza la transcripción BPMSU
082 #4 - NÚMERO DE CLASIFICACIÓN DECIMAL DE DEWEY
Classification number 720.9
Item number F175L
100 1# - ASIENTO PRINCIPAL -- NOMBRE PERSONAL
Nombre personal Fajardo, Julio
245 10 - MENCIÓN DE TITULO
Título La biblia de la arquitectura /
Mención de responsabilidad Julio Fajardo.
260 ## - PUBLICACIÓN, DISTRIBUCIÓN, ETC. (PIE DE IMPRENTA)
Lugar de publicación, distribución, etc Barcelona :
Nombre del editor, distribuidor, etc. Lexus ,
Fecha de publicación, distribución, etc 2012.
300 ## - DESCRIPCIÓN FÍSICA
Extensión 591 p. :
Otros detalles físicos il. ;
Dimensiones 27 cm.
505 ## - NOTA DE CONTENIDO
Texto normalizado de contenido UNStudio -- Silja Tillner, Alfred Willinger -- Matija Bevk, Vasa J.Perović -- Emil Urbel -- Julien de Smedt -- Moshe Safdie -- Steven Holl -- Jean Marc Ibos & Myrto Vitart -- Nuno Mateus, José Mateus -- Bregman & Hamann Architects -- Joaquín Torres, Rafael Llamazares -- Bernard Tschumi -- Mario Botta -- John Patkau, Patricia Patkau -- Hefena Casanova, Jesús Hernández -- John Portman -- Andrew Maynard -- Esther Sperber -- Ton Venhoeven -- Naoki Terada -- Giovanni Vaccanni -- Meinhard von Gerkan, Votkin Marg -- Reinald Top, Rein Jansma, Rob Torsing, Moshé Zwarts -- Kengo Kuma -- Lise Anne Couture, Hani Rashid -- Victor F. Trey Trahan -- Jan Olav Jensen, Børre Skodvin -- Caroline Casey, Robert Brown -- Eugene Kohn, William Pedersen -- Dominique Perrault -- MVRDV -- Robert Toland -- Massimiliano Fuksas -- Darrel O'Donoghue, Dave O'Shea -- René van Zuuk -- Royce YC Hong, Grace S. Cheung -- Per Franson, Mattias Wreland -- Konstantinos Labrinopoulos -- Herman Hertzberger -- William Galloway, Koen Klinkers -- Norman Foster -- Jorge Hernández de la Garza -- Kazuyasu Kochi -- Vinko Penezlc, Kresirnlr Rogina -- Kees Christiaanse -- Kraus Mayer, Petra Sattler-Smith -- Paul de Ruiter -- Hitoshi Abe -- Farshid Moussavi, Alejandro Zaera-Polo -- Uwe R. Brückner -- Jean Nouvel -- Francine Houben -- Dietmar Feichtinger -- Thom Mayne -- Wolf D. Prix -- Gurjit Singh Matharoo -- Bolle Tham, Martin Videgard Hansson -- Renzo Piano -- Jaime Varon, Abraham Metta, Alex Metta -- Thomas Herzog -- Gert Wingardh -- Helmut Jahn -- Astrid Klein, Mark Dytham -- Urs Bette -- Daniel Libeskind -- Tristán Diéguez, Axel Fridman -- Robert Konieczny -- Eduardo Souto de Moura -- Senan Abdelqader -- Kimmo Lintuta, Niko Sirota, Mikko Summanen -- Andreas Schmitzer -- Giorgio Bottega, Henning Ehrhardt.
650 #4 - ENCABEZAMIENTO DE MATERIA--TEMÁTICO
Término temático o nombre geográfico como elemento de entrada ARQUITECTURA MODERNA
Subdivisión cronológica SIGLO XXI
650 #4 - ENCABEZAMIENTO DE MATERIA--TEMÁTICO
Término temático o nombre geográfico como elemento de entrada ARQUITECTOS
Subdivisión cronológica SIGLO XXI
910 ## - VALIDACIÓN
Validación Validado. Control de calidad MFF
942 ## - ADDED ENTRY ELEMENTS (KOHA)
Source of classification or shelving scheme Dewey Decimal Classification
Koha item type Libros
945 ## - INFORMACIÓN DE PROCESAMIENTO LOCAL
Información de procesamiento local Inventariado extranjero / 2017 VM
956 ## - LOCAL ELECTRONIC LOCATION AND ACCESS (OCLC)
Método de acceso LOPEREZ
Materiales especificados 10
Enlace 20161010
Campo enlazado y núm. de secuencia BPMSU
Nombre de host 00041
Existencias
Withdrawn status Lost status Source of classification or shelving scheme Damaged status Not for loan Collection code Home library Current library Date acquired Source of acquisition Total Checkouts Full call number Barcode Date last seen Price effective from Koha item type
    Dewey Decimal Classification     Colección General Biblioteca Pública Metropolitana Salomé Ureña Biblioteca Pública Metropolitana Salomé Ureña 10/10/2016 Compra   720.9 F175L BPMSU16100005 10/10/2016 10/10/2016 Libros